Trh práce v pohybu. Podpora vzdelání - prevence nezaměstnanosti.
Do akej miery je nezamestnanosť dôsledkom poklesu dopytu a prestavby výrobnej štruktúry a do akej miery je dôsledkom nedostatočnej flexibility trhu práce a pracovných síl. Charakteristika vývinu trhu práce v ČSFR, jeho počiatočnej nedostatočnosti a možnosti predchádzania chronickej, dlhodobej nezame...
Gespeichert in:
| 1. Verfasser: | |
|---|---|
| Format: | Buchkapitel |
| Sprache: | Tschechisch |
| Schlagworte: | |
| Tags: |
Keine Tags, Fügen Sie das erste Tag hinzu!
|
MARC
| LEADER | 00000naa a2200000 4500 | ||
|---|---|---|---|
| 001 | r006415 | ||
| 005 | 20220927122911.7 | ||
| 041 | 0 | |a cze | |
| 044 | |a [CS] | ||
| 245 | 1 | 0 | |a Trh práce v pohybu. |b Podpora vzdelání - prevence nezaměstnanosti. |c Lenka Kalinová |
| 520 | |a Do akej miery je nezamestnanosť dôsledkom poklesu dopytu a prestavby výrobnej štruktúry a do akej miery je dôsledkom nedostatočnej flexibility trhu práce a pracovných síl. Charakteristika vývinu trhu práce v ČSFR, jeho počiatočnej nedostatočnosti a možnosti predchádzania chronickej, dlhodobej nezamestnanosti. Predpoklady minimalizácie nezamestnanosti. | ||
| 610 | 2 | 0 | |a trh práce |
| 610 | 2 | 0 | |a nezamestnanosť |
| 610 | 2 | 0 | |a ČSFR |
| 610 | 2 | 0 | |a vzdelanie |
| 100 | 1 | |a Kalinová, Lenka | |